000
00210 a2200109 4500
001
51088
040
_c
Anchieta - Pituba
240
1
0
_a
Gilberto Gil
_l
245
1
0
_a
Gilberto Gil
650
4
_a
Música
942
_c
MX
999
_c
51088
_d
51088